[Event "19th 4NCL Congress"]
[Site "Telford"]
[Date "2018.07.15"]
[Round "4"]
[Board "2"]
[White "Lewis, Christopher D"]
[Black "Herring, Sam Ac"]
[Result "0-1"]
[WhiteElo "1856"]
[BlackElo "1913"]
[PlyCount "58"]
[EventDate "2018.07.13"]
[EventRounds "5"]
[EventCountry "ENG"]

1. e4 e6 2. d4 d5 3. Nd2 c5 4. exd5 Qxd5 5. dxc5 Nf6 6. Ngf3 Qxc5 7. Bd3 Nbd7
8. a4 Qc7 9. c3 a6 10. a5 Ne5 11. Nxe5 Qxe5+ 12. Be2 Bc5 13. O-O O-O 14. Bf3
Rd8 15. Qc2 Qc7 16. g3 Bd7 17. Nb3 Ba7 18. Re1 Bc6 19. Bf4 Qc8 20. Bxc6 Qxc6
21. Rad1 Ng4 22. Rf1 e5 23. Bc1 Qf3 24. Rde1 f5 25. Qe2 Qd5 26. Nd2 e4 27. Qc4
Ne5 28. Qxd5+ Rxd5 29. Nb3 Nf3+  0-1

[Event "19th 4NCL Congress"]
[Site "Telford"]
[Date "2018.07.15"]
[Round "4"]
[Board "3"]
[White "Shepley, Julien M"]
[Black "Whitehead, Mark A"]
[Result "1-0"]
[WhiteElo "1974"]
[BlackElo "1913"]
[PlyCount "107"]
[EventDate "2018.07.13"]
[EventRounds "5"]
[EventCountry "ENG"]

1. d4 Nf6 2. Bf4 d6 3. Nc3 Nbd7 4. Nf3 c5 5. e3 g6 6. Qd2 a6 7. a4 Bg7 8. a5
O-O 9. Be2 Qc7 10. h4 Nh5 11. Nd5 Qd8 12. Bg5 Ndf6 13. Nb6 Ne4 14. Qd3 Bf5 15.
Qb3 Rb8 16. d5 h6 17. Bf4 Nhf6 18. Nd2 Nxd2 19. Kxd2 Ne4+ 20. Ke1 h5 21. f3 Nf6
22. e4 Bd7 23. Qe3 Ne8 24. c3 Bb5 25. g4 hxg4 26. fxg4 e6 27. h5 e5 28. Bh6
Bxh6 29. Qxh6 g5 30. Rf1 Bxe2 31. Kxe2 Qe7 32. Rf5 f6 33. Rf2 Rd8 34. Raf1 Qg7
35. Qxg7+ Kxg7 36. c4 Nc7 37. Rf3 Na8 38. Rb3 Rf7 39. Nxa8 Rxa8 40. Rb6 Rd8 41.
Rb1 Rc7 42. b4 cxb4 43. R1xb4 Rdd7 44. Kd3 Kf7 45. Rb1 Kg7 46. c5 dxc5 47. Kc4
Kf7 48. Rf1 Kg7 49. Rbxf6 Rc8 50. Rg6+ Kh7 51. Rxg5 Re7 52. Rgf5 Kg7 53. g5 Kg8
54. g6  1-0

[Event "19th 4NCL Congress"]
[Site "Telford"]
[Date "2018.07.15"]
[Round "4"]
[Board "4"]
[White "Bennett, Dominic L"]
[Black "Zabrocki, Philip Am"]
[Result "1-0"]
[WhiteElo "1926"]
[BlackElo "1981"]
[PlyCount "75"]
[EventDate "2018.07.13"]
[EventRounds "5"]
[EventCountry "ENG"]

1. Nf3 Nf6 2. b3 g6 3. Bb2 Bg7 4. c4 O-O 5. e3 d6 6. Be2 e5 7. O-O Nfd7 8. Ne1
f5 9. f4 e4 10. Bxg7 Kxg7 11. Nc3 Nf6 12. d4 exd3 13. Qxd3 Na6 14. Bf3 Nc5 15.
Qd4 Ne6 16. Qd2 Nc5 17. Rd1 Re8 18. Qb2 Rxe3 19. b4 Ncd7 20. Nc2 Re8 21. h3 h5
22. Kh2 Kh7 23. a3 Ne4 24. Bxe4 fxe4 25. Ne3 Nf6 26. f5 c6 27. fxg6+ Kxg6 28.
Ne2 Qe7 29. Nf4+ Kh7 30. Kh1 Qe5 31. Qd2 Rd8 32. c5 d5 33. Nc4 Qe7 34. Nd6 Rxd6
35. cxd6 Qxd6 36. Qd4 Bd7 37. Nxd5 cxd5 38. Rxf6  1-0

[Event "19th 4NCL Congress"]
[Site "Telford"]
[Date "2018.07.15"]
[Round "4"]
[Board "5"]
[White "See, Tristian"]
[Black "Bryant, Richard Be"]
[Result "1-0"]
[WhiteElo "1734"]
[BlackElo "1944"]
[PlyCount "129"]
[EventDate "2018.07.13"]
[EventRounds "5"]
[EventCountry "ENG"]

1. e4 e6 2. Nf3 d5 3. Nc3 d4 4. Ne2 c5 5. c3 dxc3 6. bxc3 Nf6 7. Ng3 Nc6 8. Bb5
Bd7 9. O-O Be7 10. Re1 O-O 11. d4 Qa5 12. Bxc6 Bxc6 13. Bd2 Qc7 14. Ne5 Be8 15.
Bf4 Qa5 16. Qf3 Rd8 17. Ne2 Qa6 18. Ng4 Kh8 19. Nxf6 Bxf6 20. e5 Be7 21. Qg4
Bb5 22. Be3 Bxe2 23. Rxe2 Qd3 24. Rc1 cxd4 25. Bxd4 a6 26. Rf1 Rd5 27. Re3 Qg6
28. Qe2 h6 29. Rg3 Qh7 30. f4 Bc5 31. Rd1 Bxd4+ 32. cxd4 Qf5 33. Qf2 Rc8 34.
Rgd3 Rc4 35. h3 Rb5 36. Qd2 Rcb4 37. Qf2 Rb1 38. Kh2 R5b2 39. R1d2 Rxa2 40.
Rxa2 Qxd3 41. Rd2 Qe4 42. Re2 Qd5 43. Rd2 Rb4 44. Qe3 a5 45. f5 exf5 46. Qf4
Qe4 47. Qxe4 fxe4 48. Kg3 Rb3+ 49. Kf4 Rd3 50. Rxd3 exd3 51. Ke3 b5 52. Kxd3
Kg8 53. d5 Kf8 54. h4 Ke7 55. g4 f6 56. e6 g6 57. Kd4 a4 58. Kc5 a3 59. d6+
Kxe6 60. Kc6 a2 61. d7 a1=Q 62. d8=Q Qa6+ 63. Kc5 Qa7+ 64. Kc6 Qe7 65. Qd5#  1-0

[Event "19th 4NCL Congress"]
[Site "Telford"]
[Date "2018.07.15"]
[Round "4"]
[Board "6"]
[White "Jamieson, Ian M"]
[Black "Darwen, David"]
[Result "1-0"]
[WhiteElo "1944"]
[BlackElo "1937"]
[PlyCount "49"]
[EventDate "2018.07.13"]
[EventRounds "5"]
[EventCountry "ENG"]

1. f4 Nf6 2. Nf3 g6 3. e3 Bg7 4. Be2 O-O 5. O-O d6 6. d3 c5 7. c3 Nc6 8. Na3 a6
9. Nc2 Nd7 10. e4 b5 11. Qe1 Qb6 12. Qh4 e6 13. f5 exf5 14. exf5 Qd8 15. Bg5 f6
16. fxg6 hxg6 17. Bh6 Nde5 18. d4 Nf7 19. Bxg7 Kxg7 20. Qg3 Bf5 21. Ne3 Be4 22.
Nd2 d5 23. dxc5 Qe7 24. Nxe4 Qxe4 25. Bd3  1-0

[Event "19th 4NCL Congress"]
[Site "Telford"]
[Date "2018.07.15"]
[Round "4"]
[Board "7"]
[White "Alizada, Eldar A"]
[Black "Hughes, Peter"]
[Result "1/2-1/2"]
[WhiteElo "1997"]
[BlackElo "1766"]
[PlyCount "77"]
[EventDate "2018.07.13"]
[EventRounds "5"]
[EventCountry "ENG"]

1. d4 f5 2. c4 Nf6 3. Nc3 g6 4. Nf3 Bg7 5. Bf4 O-O 6. Qd2 d6 7. Bh6 Nc6 8. Bxg7
Kxg7 9. e3 Bd7 10. Be2 e6 11. h4 Qe7 12. Ng5 Nd8 13. O-O-O h6 14. Nh3 Nf7 15.
Nf4 g5 16. Nh5+ Nxh5 17. Bxh5 c6 18. g4 fxg4 19. Rdg1 e5 20. Qd3 e4 21. Qxe4
Qxe4 22. Nxe4 Rae8 23. Nc3 Re7 24. Bxg4 Bxg4 25. Rxg4 h5 26. Rg2 g4 27. Ne2 Kh6
28. Kd2 Nh8 29. Nf4 Ng6 30. Nxg6 Kxg6 31. Rf1 Rf3 32. Rg3 Ref7 33. Ke2 Rf8 34.
e4 R8f4 35. Rxf3 Rxf3 36. Rh1 Kf6 37. b3 Rf4 38. Ke3 Rf3+ 39. Ke2  1/2-1/2

[Event "19th 4NCL Congress"]
[Site "Telford"]
[Date "2018.07.15"]
[Round "4"]
[Board "8"]
[White "Gardiner, Eric D"]
[Black "Goodfellow, Russell R"]
[Result "1-0"]
[WhiteElo "1939"]
[BlackElo "1766"]
[PlyCount "107"]
[EventDate "2018.07.13"]
[EventRounds "5"]
[EventCountry "ENG"]

1. e4 c5 2. c3 d5 3. exd5 Qxd5 4. d4 cxd4 5. cxd4 Nc6 6. Nf3 Bg4 7. Nc3 Qh5 8.
Be2 e6 9. O-O Nge7 10. h3 Bxf3 11. Bxf3 Qa5 12. Be3 O-O-O 13. Qb3 Qb4 14. d5
Nxd5 15. Nxd5 Qxb3 16. axb3 exd5 17. Bxa7 Kc7 18. Be3 d4 19. Bd2 Bc5 20. Rac1
Kb6 21. Bxc6 bxc6 22. b4 Be7 23. Rc4 Rd5 24. Rfc1 Rc8 25. Kf1 Bf6 26. b3 Rf5
27. Ke2 Re8+ 28. Kd3 Re6 29. f3 Rfe5 30. Rc5 Re2 31. Rxc6+ Rxc6 32. Rxc6+ Kxc6
33. Kxe2 Kd5 34. Kd3 g6 35. Be1 Bd8 36. Bg3 Be7 37. Bf2 Bxb4 38. Bxd4 f5 39.
Bg7 Ba5 40. Bf8 Bb6 41. g4 Bf2 42. gxf5 gxf5 43. b4 Be1 44. b5 Ba5 45. Be7 Bb6
46. Bf6 Bc7 47. Bd4 Bb8 48. Bf2 f4 49. Bd4 Bd6 50. b6 Bb8 51. b7 h6 52. Bg7 h5
53. Bd4 h4 54. Bf6  1-0

[Event "19th 4NCL Congress"]
[Site "Telford"]
[Date "2018.07.15"]
[Round "4"]
[Board "9"]
[White "Heald, Carl"]
[Black "Rushbrooke, Tibo"]
[Result "0-1"]
[WhiteElo "1895"]
[BlackElo "1576"]
[PlyCount "54"]
[EventDate "2018.07.13"]
[EventRounds "5"]
[EventCountry "ENG"]

1. Nf3 f5 2. d3 d5 3. Bg5 Nd7 4. Nc3 Ngf6 5. e4 dxe4 6. dxe4 Nxe4 7. Nxe4 fxe4
8. Nd4 Nf6 9. Bb5+ c6 10. Nxc6 bxc6 11. Bxc6+ Bd7 12. Bxa8 Qxa8 13. Qd4 Qc6 14.
O-O-O g6 15. Rd2 Bg7 16. Rhd1 Be6 17. Qxa7 Kf7 18. Rd6 Qb5 19. Bh4 Rb8 20. b3
Rb7 21. Qa6 exd6 22. Qxb5 Rxb5 23. Rxd6 e3 24. fxe3 Ne4 25. Ra6 Rf5 26. c4 g5
27. Be1 Rf1  0-1

[Event "19th 4NCL Congress"]
[Site "Telford"]
[Date "2018.07.15"]
[Round "4"]
[Board "10"]
[White "Dunkley, Michael"]
[Black "Pink, Joshua"]
[Result "0-1"]
[WhiteElo "1704"]
[BlackElo "1891"]
[PlyCount "80"]
[EventDate "2018.07.13"]
[EventRounds "5"]
[EventCountry "ENG"]

1. d4 Nf6 2. Nf3 d5 3. e3 c5 4. Bd3 Nc6 5. c3 cxd4 6. exd4 Qc7 7. O-O Bg4 8. h3
Bh5 9. Nbd2 e6 10. Re1 Bd6 11. Be2 O-O-O 12. Ne5 Bxe5 13. Bxh5 Bh2+ 14. Kh1
Nxh5 15. Qxh5 Bd6 16. Nf1 g6 17. Qh4 h6 18. Bd2 g5 19. Qh5 Rdg8 20. Re2 Bf4 21.
Rae1 g4 22. Bxf4 Qxf4 23. h4 Rg6 24. b4 g3 25. fxg3 Qf6 26. b5 Ne7 27. Qe5 Qxe5
28. Rxe5 Nf5 29. Kh2 Rhg8 30. R1e2 Nxg3 31. Nxg3 Rxg3 32. R5e3 Rxe3 33. Rxe3
Kc7 34. Rg3 Rf8 35. c4 dxc4 36. Rc3 Kb6 37. a4 Rc8 38. g4 Ka5 39. g5 hxg5 40.
h5 Kb4  0-1

[Event "19th 4NCL Congress"]
[Site "Telford"]
[Date "2018.07.15"]
[Round "4"]
[Board "11"]
[White "Radford, Mark Sr"]
[Black "Cukovs, Oleg"]
[Result "0-1"]
[WhiteElo "1667"]
[BlackElo "1883"]
[PlyCount "52"]
[EventDate "2018.07.13"]
[EventRounds "5"]
[EventCountry "ENG"]

1. Nf3 d5 2. c4 d4 3. g3 Nc6 4. d3 e5 5. Bg2 Nf6 6. O-O Bd6 7. a3 a5 8. b3 h6
9. Qc2 O-O 10. Nbd2 Be6 11. Bb2 Qd7 12. Rad1 Bh3 13. Rfe1 Bxg2 14. Kxg2 Rfe8
15. e3 dxe3 16. Rxe3 Bc5 17. Re2 Nd4 18. Bxd4 exd4 19. Rxe8+ Rxe8 20. Qb2 Qd6
21. Rb1 Bxa3 22. Qxd4 Qxd4 23. Nxd4 Bc5 24. N2f3 Rd8 25. Nb5 c6 26. d4 Bb4  0-1

[Event "19th 4NCL Congress"]
[Site "Telford"]
[Date "2018.07.15"]
[Round "4"]
[Board "12"]
[White "Llewellyn, Alan M"]
[Black "Cawston, M John"]
[Result "0-1"]
[WhiteElo "1461"]
[BlackElo "1866"]
[PlyCount "92"]
[EventDate "2018.07.13"]
[EventRounds "5"]
[EventCountry "ENG"]

1. c4 Nf6 2. Nc3 c5 3. e4 Nc6 4. f4 d6 5. d3 Bg4 6. Be2 Bxe2 7. Ngxe2 g6 8. O-O
Bg7 9. Qb3 Qd7 10. Qa3 O-O 11. e5 dxe5 12. Qxc5 exf4 13. Bxf4 Nh5 14. Qd5 Rad8
15. Qxd7 Rxd7 16. Rad1 Nxf4 17. Rxf4 Ne5 18. Nc1 Rfd8 19. Nd5 e6 20. Nf6+ Bxf6
21. Rxf6 Nxd3 22. Nxd3 Rxd3 23. Rdf1 R8d7 24. R6f2 Rd2 25. g3 Rxf2 26. Rxf2 Kf8
27. Kg2 Rd3 28. Kf1 Ke7 29. Ke2 Rd4 30. b3 e5 31. h4 f5 32. h5 Kf6 33. hxg6
hxg6 34. Ke3 Rd7 35. c5 g5 36. b4 f4+ 37. gxf4 exf4+ 38. Ke4 Re7+ 39. Kf3 Kf5
40. b5 g4+ 41. Kg2 g3 42. Rc2 Kg4 43. Rc1 f3+ 44. Kf1 Rh7 45. Rc4+ Kf5 46. Kg1
f2+  0-1

[Event "19th 4NCL Congress"]
[Site "Telford"]
[Date "2018.07.15"]
[Round "4"]
[Board "13"]
[White "Paul, Nathanael"]
[Black "Sheikh, Samia Z"]
[Result "1-0"]
[WhiteElo "1907"]
[BlackElo "1448"]
[PlyCount "103"]
[EventDate "2018.07.13"]
[EventRounds "5"]
[EventCountry "ENG"]

1. e4 c5 2. Nf3 Nc6 3. d4 cxd4 4. Nxd4 d6 5. Nc3 Nf6 6. Bg5 g6 7. Bxf6 exf6 8.
Bc4 Bg7 9. Ndb5 O-O 10. O-O Ne5 11. Bb3 Qe7 12. Qxd6 Qxd6 13. Nxd6 a6 14. Nd5
Be6 15. Nxb7 Rab8 16. Nc5 Bxd5 17. exd5 Ra8 18. Rad1 Rfd8 19. h3 Bf8 20. Nd3
Nxd3 21. Rxd3 a5 22. Ba4 Rab8 23. b3 Bb4 24. c3 Bc5 25. Re1 Kf8 26. Red1 Rd6
27. Kf1 g5 28. g4 Rbd8 29. R1d2 Kg7 30. Ke2 Kg6 31. Kd1 f5 32. Kc2 f4 33. Kb2
Kf6 34. a3 Ra6 35. Bc6 Rb6 36. b4 axb4 37. cxb4 Bd6 38. b5 Be5+ 39. Kb3 Ke7 40.
a4 Bc7 41. a5 Rbb8 42. b6 Bxb6 43. axb6 Rxb6+ 44. Kc4 Kd6 45. Rb3 Ra6 46. Rb7
Ra3 47. Re2 Rxh3 48. Rxf7 Rh6 49. Ree7 Rg6 50. Rxh7 Rf6 51. f3 Rg6 52. Kd4  1-0

[Event "19th 4NCL Congress"]
[Site "Telford"]
[Date "2018.07.15"]
[Round "4"]
[Board "14"]
[White "Potter, Steven"]
[Black "Robinson, Brian"]
[Result "0-1"]
[WhiteElo "1799"]
[BlackElo "1548"]
[PlyCount "116"]
[EventDate "2018.07.13"]
[EventRounds "5"]
[EventCountry "ENG"]

1. d4 Nf6 2. Bg5 c6 3. Bxf6 gxf6 4. e3 d5 5. Bd3 Qd6 6. Nd2 e5 7. e4 Bg7 8.
exd5 cxd5 9. c3 Nc6 10. Ne2 Be6 11. Qb3 O-O 12. f3 Bh6 13. Qc2 f5 14. dxe5 Qxe5
15. O-O Qe3+ 16. Kh1 Qxd2 17. Bxf5 Bxf5 18. Qxf5 Qxe2 19. f4 Qe6 20. Qh5 Rae8
21. f5 Qf6 22. Rf3 Re5 23. g4 Qg5 24. Qh3 Re3 25. Rg1 Rfe8 26. Qg3 Rxf3 27.
Qxf3 Qe3 28. Qxd5 Qe4+ 29. Qxe4 Rxe4 30. f6 Bg5 31. Rf1 Re6 32. Rf5 Bxf6 33. g5
Bg7 34. h4 Re4 35. h5 Rh4+ 36. Kg2 Rxh5 37. Rb5 b6 38. Rd5 f6 39. Kf3 Rxg5 40.
Rd6 Ne5+ 41. Kf2 h5 42. a4 h4 43. c4 h3 44. Rd1 h2 45. Rh1 Rh5 46. b4 Nxc4 47.
a5 bxa5 48. bxa5 Nxa5 49. Kf3 Nc4 50. Kg4 Rh6 51. Kg3 a5 52. Kf4 a4 53. Kf5 a3
54. Ke6 a2 55. Rd1 f5+ 56. Ke7 a1=Q 57. Rd8+ Kh7 58. Kf7 Qf6+  0-1

[Event "19th 4NCL Congress"]
[Site "Telford"]
[Date "2018.07.15"]
[Round "4"]
[Board "15"]
[White "Zdanowski, Adrian"]
[Black "Lovell, William Pm"]
[Result "1/2-1/2"]
[WhiteElo "1882"]
[BlackElo "1737"]
[PlyCount "138"]
[EventDate "2018.07.13"]
[EventRounds "5"]
[EventCountry "ENG"]

1. Nf3 d5 2. c4 dxc4 3. Na3 a6 4. Nxc4 b5 5. Nce5 Bb7 6. g3 Nd7 7. Nxd7 Qxd7 8.
Bg2 Nf6 9. O-O e6 10. b3 c5 11. Bb2 Be7 12. Rc1 Rc8 13. d3 O-O 14. Qd2 Rfd8 15.
Rfd1 Ba8 16. h3 Qa7 17. Qe1 Nd7 18. d4 Bf6 19. e3 h6 20. Qe2 cxd4 21. Rxc8 Rxc8
22. Bxd4 Bxd4 23. Nxd4 Bxg2 24. Kxg2 Ne5 25. f3 Qb7 26. Kf2 Nc6 27. Nc2 Rd8 28.
Rxd8+ Nxd8 29. Ne1 Qd5 30. Nd3 Nb7 31. Qc2 Kf8 32. Ke2 a5 33. e4 Qd7 34. Qc3 f6
35. e5 f5 36. g4 fxg4 37. hxg4 g5 38. f4 Qd5 39. fxg5 Qe4+ 40. Kf2 hxg5 41. a3
Ke8 42. b4 axb4 43. axb4 Ke7 44. Ne1 Ke8 45. Nf3 Nd8 46. Qc5 Qd3 47. Nd4 Qd2+
48. Ne2 Qd3 49. Qc1 Nf7 50. Qc8+ Nd8 51. Qc3 Qxc3 52. Nxc3 Nc6 53. Nxb5 Nxb4
54. Nd6+ Ke7 55. Ke3 Nc6 56. Ke4 Nd8 57. Kd3 Nc6 58. Nc4 Kd7 59. Ke4 Ke7 60.
Nd2 Nd8 61. Nf3 Nf7 62. Kd4 Nh6 63. Nh2 Kd7 64. Ke4 Ke7 65. Ke3 Kd7 66. Ke4 Ke7
67. Nf3 Nxg4 68. Nxg5 Nxe5 69. Nxe6 Kxe6  1/2-1/2

[Event "19th 4NCL Congress"]
[Site "Telford"]
[Date "2018.07.15"]
[Round "4"]
[Board "16"]
[White "Stephenson, David W"]
[Black "Bradley, Sam A"]
[Result "1/2-1/2"]
[WhiteElo "1817"]
[BlackElo "1712"]
[PlyCount "79"]
[EventDate "2018.07.13"]
[EventRounds "5"]
[EventCountry "ENG"]

1. e4 c6 2. d4 d5 3. exd5 cxd5 4. Bf4 Nf6 5. Bd3 Nc6 6. c3 g6 7. h3 Bg7 8. Nf3
O-O 9. O-O Re8 10. Re1 a6 11. Nbd2 Bf5 12. Bxf5 gxf5 13. Qb3 b5 14. Ne5 Nxe5
15. Bxe5 e6 16. a4 Qd7 17. a5 Ne4 18. Nf3 Bxe5 19. Nxe5 Qc7 20. Qd1 Qe7 21. Qh5
Qf6 22. Re3 Re7 23. Rd1 Kh8 24. Rdd3 Rg8 25. Nc6 Rc7 26. Nb4 Ra7 27. Nc6 Rc7
28. Ne5 Rg7 29. h4 Nd6 30. Rf3 Nc4 31. Nxc4 bxc4 32. Rd2 Rb7 33. Re3 Rb5 34.
Kh2 Rxa5 35. g3 Qe7 36. Qf3 Qd7 37. Qf4 Rb5 38. h5 Qd8 39. Re1 Qg5 40. h6
 1/2-1/2

[Event "19th 4NCL Congress"]
[Site "Telford"]
[Date "2018.07.15"]
[Round "4"]
[Board "17"]
[White "Tarr, Steve F"]
[Black "Davies, Sam"]
[Result "1-0"]
[WhiteElo "1757"]
[BlackElo "1722"]
[PlyCount "144"]
[EventDate "2018.07.13"]
[EventRounds "5"]
[EventCountry "ENG"]

1. d4 Nf6 2. Bf4 c5 3. e3 cxd4 4. exd4 g6 5. c3 Bg7 6. Nd2 O-O 7. Be2 d6 8. h3
Nbd7 9. Ngf3 Re8 10. O-O e5 11. dxe5 dxe5 12. Bh2 Nh5 13. Ne4 Nf4 14. Bc4 Nb6
15. Bb3 Qxd1 16. Rfxd1 Be6 17. Nd6 Re7 18. Bxe6 fxe6 19. a4 Rd8 20. a5 Nbd5 21.
Ne4 Red7 22. Nc5 Rc7 23. Bxf4 Rxc5 24. Bxe5 Bxe5 25. Nxe5 Rdc8 26. Re1 Nf4 27.
Re4 Nh5 28. Nf3 Ng7 29. Ne5 Rb5 30. Nc4 Rbc5 31. Nd6 Rb8 32. Rb4 b6 33. axb6
axb6 34. Ne4 Rf5 35. Ra6 b5 36. c4 h6 37. Nd6 Re5 38. cxb5 Nf5 39. Nxf5 exf5
40. b6 Re6 41. Kh2 Kf8 42. Rb3 Rd6 43. Kg3 Ke8 44. Kf4 Kd8 45. Ke5 Rc6 46. f3
Ke8 47. Kd5 Rf6 48. Re3+ Kd7 49. Ra7+ Kd8 50. b7 Rb6 51. Ra8 R6xb7 52. Rxb8+
Rxb8 53. b3 Kd7 54. Rc3 Rb5+ 55. Kc4 Re5 56. Rc2 Re1 57. Kb5 Kd6 58. Rc6+ Kd7
59. Rxg6 h5 60. b4 Ra1 61. Rg5 Ra2 62. Kb6 Kc8 63. b5 Rb2 64. Rg8+ Kd7 65. Ka6
Kc7 66. Rg7+ Kd6 67. b6 Ra2+ 68. Kb7 Rb2 69. Rg6+ Kd7 70. Kb8 Rb5 71. b7 Rb2
72. Ka7 Ra2+  1-0

[Event "19th 4NCL Congress"]
[Site "Telford"]
[Date "2018.07.15"]
[Round "4"]
[Board "18"]
[White "Murphy, Ross"]
[Black "Verma, Shlok"]
[Result "1-0"]
[WhiteElo "1825"]
[BlackElo "1638"]
[PlyCount "65"]
[EventDate "2018.07.13"]
[EventRounds "5"]
[EventCountry "ENG"]

1. d4 d5 2. c4 dxc4 3. Nf3 Nf6 4. g3 e6 5. Bg2 c5 6. Qa4+ Bd7 7. Qxc4 Nc6 8.
O-O Rc8 9. Qd3 cxd4 10. Nxd4 Nxd4 11. Qxd4 Bc6 12. Qxa7 Bxg2 13. Kxg2 Qd5+ 14.
Kg1 Bc5 15. Qa4+ Ke7 16. Nc3 Qh5 17. Kg2 g5 18. Ne4 g4 19. Nxf6 Qh3+ 20. Kg1
Kxf6 21. Qf4+ Ke7 22. Be3 Bd6 23. Qg5+ Kf8 24. Rac1 Re8 25. Bc5 Bxc5 26. Qxc5+
Kg7 27. Qg5+ Kf8 28. Rc7 h5 29. Qf6 Rh7 30. Rd1 h4 31. Rdd7 hxg3 32. Rxf7+ Kg8
33. Rg7+  1-0

[Event "19th 4NCL Congress"]
[Site "Telford"]
[Date "2018.07.15"]
[Round "5"]
[Board "1"]
[White "Herring, Sam Ac"]
[Black "Clanchy, Nicholas"]
[Result "1/2-1/2"]
[WhiteElo "1913"]
[BlackElo "1877"]
[PlyCount "37"]
[EventDate "2018.07.13"]
[EventRounds "5"]
[EventCountry "ENG"]

1. d4 g6 2. e4 Bg7 3. Nf3 d6 4. Bc4 Nf6 5. Qe2 O-O 6. e5 dxe5 7. dxe5 Nd5 8.
O-O c6 9. h3 h6 10. c3 e6 11. Nbd2 Qc7 12. Re1 Nd7 13. Bb3 b6 14. c4 Ne7 15.
Bc2 Bb7 16. b3 c5 17. Bb2 Nc6 18. a3 Rad8 19. Rad1  1/2-1/2

[Event "19th 4NCL Congress"]
[Site "Telford"]
[Date "2018.07.15"]
[Round "5"]
[Board "2"]
[White "Bennett, Dominic L"]
[Black "Shepley, Julien M"]
[Result "1/2-1/2"]
[WhiteElo "1926"]
[BlackElo "1974"]
[PlyCount "112"]
[EventDate "2018.07.13"]
[EventRounds "5"]
[EventCountry "ENG"]

1. f4 Nh6 2. Nf3 g6 3. c4 c6 4. d4 d5 5. e3 Bg4 6. Nbd2 Nf5 7. Qe2 Bg7 8. cxd5
cxd5 9. Qf2 Bxf3 10. Nxf3 Nc6 11. Bd3 Nd6 12. O-O e6 13. b3 Qa5 14. Bb2 O-O 15.
Ng5 Rfc8 16. g4 Ne7 17. h4 Rc7 18. Qh2 Rd8 19. h5 Ne4 20. hxg6 Nxg5 21. gxh7+
Nxh7 22. Qxh7+ Kf8 23. Rf2 Rdc8 24. Kg2 Rc6 25. Qh4 b5 26. a4 b4 27. Raf1 Qb6
28. Kf3 Rc3 29. Ke2 Rxb3 30. Ba1 Rcc3 31. Bxc3 bxc3 32. f5 Rb2+ 33. Kf3 exf5
34. Bc2 Qe6 35. gxf5 Qf6 36. Qxf6 Bxf6 37. Rb1 Bh4 38. Rh2 Rxb1 39. Bxb1 Be1
40. Rh8+ Kg7 41. Ra8 Nc6 42. Kg4 Kf6 43. Rc8 Nb4 44. a5 a6 45. Rb8 c2 46. Rb6+
Kg7 47. f6+ Kh6 48. Bxc2 Nxc2 49. Rxa6 Nxe3+ 50. Kf4 Nc4 51. Ra7 Bd2+ 52. Kf5
Bxa5 53. Ra8 Ne3+ 54. Kf4 Nc4 55. Kf5 Ne3+ 56. Kf4 Nc4  1/2-1/2

[Event "19th 4NCL Congress"]
[Site "Telford"]
[Date "2018.07.15"]
[Round "5"]
[Board "3"]
[White "Jamieson, Ian M"]
[Black "Reed, John S"]
[Result "1/2-1/2"]
[WhiteElo "1944"]
[BlackElo "1900"]
[PlyCount "100"]
[EventDate "2018.07.13"]
[EventRounds "5"]
[EventCountry "ENG"]

1. f4 d5 2. Nf3 Nf6 3. e3 Bg4 4. h3 Bxf3 5. Qxf3 Nbd7 6. g4 e5 7. g5 e4 8. Qe2
Ng8 9. h4 Ne7 10. Bh3 c6 11. d3 exd3 12. cxd3 Qc7 13. e4 O-O-O 14. Be3 Kb8 15.
Qf2 Qa5+ 16. Nc3 dxe4 17. dxe4 Nc8 18. O-O-O Qc7 19. Rd3 Be7 20. Rhd1 Ndb6 21.
Bd4 f6 22. e5 fxg5 23. hxg5 Rhf8 24. Ne4 Nd5 25. Rf3 Qa5 26. a3 Ncb6 27. Bc5
Qa4 28. Bxe7 Nxe7 29. Nd6 Nbc8 30. Rd4 Qa5 31. b4 Qb6 32. Qd2 Nxd6 33. exd6 Nf5
34. Bxf5 Rxf5 35. Rfd3 c5 36. Rd5 Rxd5 37. Rxd5 cxb4 38. axb4 Qc6+ 39. Kb2 Qc4
40. Rd4 Qb5 41. Rd5 Qc4 42. f5 Qf1 43. d7 Qf3 44. Qh2+ Ka8 45. Qc7 Qf2+ 46. Kc3
Qe3+ 47. Kb2 Qf2+ 48. Kb3 Qf3+ 49. Ka4 b5+ 50. Rxb5 Qd1+  1/2-1/2

[Event "19th 4NCL Congress"]
[Site "Telford"]
[Date "2018.07.15"]
[Round "5"]
[Board "4"]
[White "Cawston, M John"]
[Black "Gardiner, Eric D"]
[Result "1/2-1/2"]
[WhiteElo "1866"]
[BlackElo "1939"]
[PlyCount "73"]
[EventDate "2018.07.13"]
[EventRounds "5"]
[EventCountry "ENG"]

1. d4 d6 2. c4 e5 3. Nc3 exd4 4. Qxd4 Nc6 5. Qd1 g6 6. e4 Bg7 7. Nge2 Be6 8. b3
Nge7 9. Be3 Qd7 10. Rc1 f5 11. Nd4 Nxd4 12. Bxd4 Nc6 13. Bxg7 Qxg7 14. Be2 fxe4
15. Nxe4 Qe5 16. Nc3 Nd4 17. O-O Nxe2+ 18. Qxe2 Qxe2 19. Nxe2 O-O-O 20. Nd4 Bd7
21. Rfe1 Rde8 22. Kf1 Kd8 23. Re2 a6 24. Rce1 Rxe2 25. Rxe2 Re8 26. Rxe8+ Kxe8
27. Ke2 Ke7 28. Ke3 b5 29. Kd3 c5 30. Nf3 Bf5+ 31. Kc3 b4+ 32. Kb2 Kf6 33. a3
a5 34. axb4 axb4 35. Kc1 Be4 36. Ne1 Ke5 37. Kd2  1/2-1/2

[Event "19th 4NCL Congress"]
[Site "Telford"]
[Date "2018.07.15"]
[Round "5"]
[Board "5"]
[White "Whitehead, Mark A"]
[Black "Lewis, Christopher D"]
[Result "1/2-1/2"]
[WhiteElo "1913"]
[BlackElo "1856"]
[PlyCount "130"]
[EventDate "2018.07.13"]
[EventRounds "5"]
[EventCountry "ENG"]

1. e4 c6 2. d4 d5 3. Nd2 dxe4 4. Nxe4 Bf5 5. Ng3 Bg6 6. Bc4 e6 7. N1e2 Bd6 8.
Nf4 Qc7 9. Nfh5 Nf6 10. Nxg7+ Kf8 11. Bh6 Kg8 12. Qf3 Nbd7 13. O-O Bf8 14. Nxe6
fxe6 15. Bxe6+ Bf7 16. Bxd7 Nxd7 17. Qg4+ Bg6 18. Bf4 Qc8 19. Qe6+ Bf7 20. Qg4+
Bg6 21. Qe6+ Bf7 22. Qg4+ Bg6 23. Ne4 Nb6 24. Qg5 Qf5 25. Qxf5 Bxf5 26. f3 Rd8
27. c3 Nd5 28. Bg5 Be7 29. Bxe7 Nxe7 30. g4 Bc8 31. Rfe1 Nd5 32. Rad1 Kg7 33.
Kf2 h6 34. h4 a5 35. Nc5 Rde8 36. Nd3 Rhf8 37. Rxe8 Rxe8 38. c4 Nc7 39. b3 Ne6
40. d5 cxd5 41. cxd5 Nf8 42. Nc5 Rd8 43. Ke2 Ng6 44. d6 b6 45. d7 bxc5 46.
dxc8=Q Rxc8 47. Rd7+ Kf6 48. Rd6+ Kf7 49. h5 Nf4+ 50. Ke3 Ne6 51. Ra6 c4 52.
bxc4 Rxc4 53. Rxa5 Rc3+ 54. Kf2 Nd4 55. Ra7+ Kf6 56. Ra6+ Kg7 57. Rg6+ Kh7 58.
Rf6 Kg7 59. Rf4 Ne6 60. Ra4 Ng5 61. f4 Ne6 62. Ra7+ Kg8 63. f5 Ng5 64. a4 Rf3+
65. Kg2 Rf4  1/2-1/2

[Event "19th 4NCL Congress"]
[Site "Telford"]
[Date "2018.07.15"]
[Round "5"]
[Board "6"]
[White "Pink, Joshua"]
[Black "Hughes, Peter"]
[Result "0-1"]
[WhiteElo "1891"]
[BlackElo "1766"]
[PlyCount "62"]
[EventDate "2018.07.13"]
[EventRounds "5"]
[EventCountry "ENG"]

1. e4 c5 2. Nf3 g6 3. h4 h5 4. d3 Bg7 5. Nc3 Nc6 6. Bg5 d6 7. Be2 Nh6 8. Qd2
Ng4 9. Nh2 Nd4 10. Nxg4 Nxe2 11. Nxe2 hxg4 12. c3 Be6 13. Nf4 Qd7 14. Nd5 f6
15. Be3 O-O-O 16. b4 Bxd5 17. exd5 Kb8 18. c4 f5 19. Rb1 b6 20. bxc5 dxc5 21.
Bxc5 Qc7 22. Be3 Ka8 23. Rb3 Qe5 24. d4 Qe4 25. Kf1 f4 26. Bxf4 Bxd4 27. Rd3
Bc5 28. Be3 Qxc4 29. Bxc5 Rxd5 30. Ke2 Rhd8 31. Rc1 Rxd3  0-1

[Event "19th 4NCL Congress"]
[Site "Telford"]
[Date "2018.07.15"]
[Round "5"]
[Board "7"]
[White "Cukovs, Oleg"]
[Black "Rushbrooke, Tibo"]
[Result "1-0"]
[WhiteElo "1883"]
[BlackElo "1576"]
[PlyCount "53"]
[EventDate "2018.07.13"]
[EventRounds "5"]
[EventCountry "ENG"]

1. e4 e5 2. Nf3 Nc6 3. c3 Nf6 4. d4 Nxe4 5. d5 Bc5 6. dxc6 Bxf2+ 7. Ke2 Bb6 8.
Be3 bxc6 9. Bxb6 axb6 10. Nbd2 Nxd2 11. Qxd2 O-O 12. Kd1 Re8 13. Be2 e4 14. Nd4
e3 15. Qe1 d5 16. Qg3 Bd7 17. Re1 Ra5 18. Bg4 c5 19. Bxd7 Qxd7 20. Nb3 d4 21.
cxd4 cxd4 22. Nxa5 bxa5 23. b3 Qf5 24. Kc1 d3 25. Kb2 d2 26. Rxe3 Qf6+ 27. Kc2
 1-0